[Event "Preinscritos IRT Online"]
[Site "Chess.com INT"]
[Date "2020.12.26"]
[Round "10"]
[White "Angamarca Angamarca, Edison Fernando"]
[Black "Monar Narvaez, Bryan Josue"]
[Result "1-0"]
[WhiteElo "2011"]
[BlackElo "1522"]
[PlyCount "107"]
[EventDate "2020.12.26"]
[EventType "swiss"]
[EventRounds "11"]
[EventCountry "ECU"]
[SourceTitle "CBM 200 Extra"]
[Source "ChessBase"]
[SourceDate "2021.03.31"]
[SourceVersion "1"]
[SourceVersionDate "2021.03.31"]
[SourceQuality "1"]

1. e4 e6 2. Qe2 Nf6 3. g3 c6 4. Bg2 Be7 5. Nf3 d5 6. e5 Nfd7 7. d4 c5 8. c3 Nc6 9. 0-0 0-0 10. Be3 b6 11. Nbd2 cxd4 12. cxd4 Bb7 13. h4 Rc8 14. Ng5 h6 15. Nh3 Nb4 16. Rfc1 Nc2 17. Rab1 Nxe3 18. Qxe3 Rc6 19. Nf4 Qc7 20. Nb3 Rc8 21. Bf1 Rxc1 22. Rxc1 Qd8 23. Bd3 Rxc1+ 24. Nxc1 Nf8 25. Nce2 Qc8 26. Qf3 Ba6 27. Bb1 Bxe2 28. Nxe2 Qc4 29. Kg2 Ng6 30. Bxg6 fxg6 31. Qg4 Qc6 32. Qxg6 Bb4 33. Nf4 Qc4 34. Qxe6+ Kh7 35. Qxd5 Qxd5+ 36. Nxd5 Bd2 37. Kf3 Bc1 38. b3 Kg6 39. Ke4 Kf7 40. g4 Bd2 41. f4 a6 42. Nxb6 Ke7 43. d5 Bb4 44. d6+ Kd8 45. Nd5 Be1 46. f5 Bxh4 47. e6 Bg5 48. Nb6 Ke8 49. Kd5 Bf6 50. Kc6 Kd8 51. Nd5 Be5 52. e7+ Ke8 53. d7+ Kf7 54. e8Q# 1-0

[Event "Preinscritos IRT Online"]
[Site "Chess.com INT"]
[Date "2020.12.26"]
[Round "1"]
[White "Garzon Zapatanga, Christopher Leonel"]
[Black "Monar Narvaez, Bryan Josue"]
[Result "1-0"]
[WhiteElo "2140"]
[BlackElo "1522"]
[PlyCount "109"]
[EventDate "2020.12.26"]
[EventType "swiss"]
[EventRounds "11"]
[EventCountry "ECU"]
[SourceTitle "CBM 200 Extra"]
[Source "ChessBase"]
[SourceDate "2021.03.31"]
[SourceVersion "1"]
[SourceVersionDate "2021.03.31"]
[SourceQuality "1"]

1. e4 e6 2. d4 d5 3. e5 c5 4. c3 Qb6 5. Nf3 Nc6 6. Bd3 Bd7 7. 0-0 cxd4 8. cxd4 Nxd4 9. Nbd2 Ne7 10. Nxd4 Qxd4 11. Nf3 Qb6 12. Be3 Qc7 13. Rc1 Nc6 14. a3 Be7 15. b4 Qb8 16. Bf4 h6 17. b5 Nd8 18. a4 b6 19. Bb1 Nb7 20. Nd4 Nc5 21. Qg4 g6 22. h4 h5 23. Qg3 Qd8 24. Bxg6 Bxh4 25. Bxf7+ Kxf7 26. Qf3 Ke7 27. g3 Qg8 28. Kh2 Bg5 29. a5 Bxf4 30. Qxf4 Rf8 31. Qh4+ Ke8 32. axb6 axb6 33. Ra1 Kf7 34. Qf6+ Ke8 35. Ra8+ Bc8 36. Rxc8+ Kd7 37. Rxf8 Qxf8 38. Qh4 Qe7 39. Qf4 h4 40. g4 Rf8 41. Qe3 Ra8 42. Nc6 Qg7 43. Kh3 Ra4 44. f4 Re4 45. Qa3 Ra4 46. Qf3 Ne4 47. Rc1 Nd2 48. Qf2 Ra3+ 49. Kh2 Qxg4 50. Nb8+ Ke7 51. Rc7+ Kf8 52. Nd7+ Ke8 53. Nf6+ Kd8 54. Nxg4 Kxc7 55. Qxd2 1-0

[Event "Preinscritos IRT Online"]
[Site "Chess.com INT"]
[Date "2020.12.26"]
[Round "5"]
[White "Monar Narvaez, Bryan Josue"]
[Black "Recalde Solorzano, Anthony Josue"]
[Result "0-1"]
[WhiteElo "1522"]
[BlackElo "1741"]
[PlyCount "108"]
[EventDate "2020.12.26"]
[EventType "swiss"]
[EventRounds "11"]
[EventCountry "ECU"]
[SourceTitle "CBM 200 Extra"]
[Source "ChessBase"]
[SourceDate "2021.03.31"]
[SourceVersion "1"]
[SourceVersionDate "2021.03.31"]
[SourceQuality "1"]

1. e4 c5 2. Nc3 Nc6 3. f4 e6 4. Bb5 Nge7 5. Nf3 g6 6. d3 Bg7 7. Bxc6 Nxc6 8. 0-0 0-0 9. Qe1 d5 10. Kh1 b6 11. Qg3 Bb7 12. Qh3 dxe4 13. Nxe4 Nd4 14. Nxd4 Qxd4 15. Ng5 h6 16. Nf3 Qd5 17. Qg3 Rac8 18. Qf2 c4 19. dxc4 Rxc4 20. c3 Rcc8 21. Be3 Ba6 22. Rfd1 Qb7 23. Bd4 Rfd8 24. Bxg7 Kxg7 25. Ne5 Qe4 26. Rxd8 Rxd8 27. Re1 Qd5 28. a3 Bb7 29. Nf3 Qb3 30. Nd2 Qxb2 31. Ne4 Qxf2 32. Nxf2 Rd2 33. Kg1 Rc2 34. Nd3 Rxg2+ 35. Kf1 Rxh2 36. Ne5 Rh1+ 37. Kf2 Rxe1 38. Kxe1 Kf6 39. Nc4 h5 40. Nd6 Bc6 41. Nc8 a6 42. Nxb6 Kf5 43. Nc4 Kxf4 44. Nd6 f5 45. Kf2 Ke5 46. Nf7+ Kd5 47. Nh8 g5 48. Nf7 g4 49. Ng5 h4 50. Nf7 Kc4 51. Ne5+ Kc5 52. Nf7 g3+ 53. Kg1 h3 54. Ne5 h2+ 0-1

[Event "Preinscritos IRT Online"]
[Site "Chess.com INT"]
[Date "2020.12.26"]
[Round "11"]
[White "Monar Narvaez, Bryan Josue"]
[Black "Ruiz, Esteban"]
[Result "0-1"]
[WhiteElo "1522"]
[BlackElo "2089"]
[PlyCount "88"]
[EventDate "2020.12.26"]
[EventType "swiss"]
[EventRounds "11"]
[EventCountry "ECU"]
[SourceTitle "CBM 200 Extra"]
[Source "ChessBase"]
[SourceDate "2021.03.31"]
[SourceVersion "1"]
[SourceVersionDate "2021.03.31"]
[SourceQuality "1"]

1. e4 c6 2. d3 d5 3. Nd2 Nf6 4. g3 Bg4 5. Ngf3 e6 6. Bg2 Be7 7. 0-0 0-0 8. h3 Bh5 9. Re1 b5 10. g4 Bg6 11. e5 Nfd7 12. Nf1 c5 13. Ng3 Nc6 14. c3 a5 15. Qe2 a4 16. Bd2 a3 17. b3 Rc8 18. Rac1 Qb6 19. h4 h6 20. g5 hxg5 21. Bxg5 Qd8 22. Bxe7 Qxe7 23. h5 Bh7 24. Qd2 b4 25. c4 dxc4 26. dxc4 Rfd8 27. Qe3 Nf8 28. Ne4 Nd4 29. Nfg5 Nf5 30. Qh3 Rd4 31. Nxh7 Nxh7 32. Qf3 Rcd8 33. Red1 R8d7 34. Rxd4 Nxd4 35. Qe3 Qh4 36. Qh3 Qf4 37. Qe3 Ne2+ 38. Kf1 Qxe3 39. fxe3 Nxc1 40. Nxc5 Rd1+ 41. Kf2 Rd2+ 42. Kg3 Rxa2 43. Nd7 Rxg2+ 44. Kxg2 a2 0-1

[Event "Preinscritos IRT Online"]
[Site "Chess.com INT"]
[Date "2020.12.26"]
[Round "8"]
[White "Obaco Cuenca, Dalthon Farid"]
[Black "Monar Narvaez, Bryan Josue"]
[Result "0-1"]
[WhiteElo "1776"]
[BlackElo "1522"]
[PlyCount "100"]
[EventDate "2020.12.26"]
[EventType "swiss"]
[EventRounds "11"]
[EventCountry "ECU"]
[SourceTitle "CBM 200 Extra"]
[Source "ChessBase"]
[SourceDate "2021.03.31"]
[SourceVersion "1"]
[SourceVersionDate "2021.03.31"]
[SourceQuality "1"]

1. e4 e6 2. d4 d5 3. Nd2 Nf6 4. e5 Nfd7 5. c4 dxc4 6. Bxc4 Nb6 7. Bb3 Qxd4 8. Ngf3 Qd8 9. 0-0 Nc6 10. Ne4 Qxd1 11. Rxd1 Be7 12. Be3 0-0 13. Rac1 Nd7 14. Bf4 h6 15. Ba4 Ndb8 16. a3 a6 17. b4 b5 18. Bb3 Bb7 19. Nc5 Bxc5 20. Rxc5 Re8 21. h3 g5 22. Bg3 Ra7 23. h4 Ba8 24. hxg5 hxg5 25. Nxg5 Ne7 26. Rdc1 Nbc6 27. f4 Nd4 28. Ba2 Ne2+ 29. Kf2 Nxc1 30. Rxc1 Bd5 31. Bb1 c6 32. Bh7+ Kg7 33. Bd3 Nf5 34. Rh1 Nxg3 35. Kxg3 Rh8 36. Rxh8 Kxh8 37. Ne4 Bxe4 38. Bxe4 Rc7 39. Kg4 Kg7 40. Kg5 c5 41. g4 c4 42. f5 exf5 43. gxf5 c3 44. Bc2 Rc4 45. f6+ Kf8 46. Kf5 Rd4 47. e6 fxe6+ 48. Kxe6 Rd2 49. Bg6 c2 50. Bxc2 Rxc2 0-1